01412cam a22003015a 450000100070000000500170000700800410002402000150006504000330008004300210011308200210013424500880015526000660024330000210030950001830033050400510051365000800056465000560064465100810070065100570078165300360083870000380087470000290091271000430094194200080098499900170099295201010100979903420180318120430.0750701t1975 enk frb f101 0 eng d a0521209439 aDLCcDLCdDLCdEG-ScBUEbeng ae-uk---aew-----04222a382.094bCOM00aCompetition policy in the UK and EEC /cedited by Kenneth D. George, Caroline Joll. aCambridge ;aNew York :bCambridge University Press,cc.1975. a220 p. ;c24 cm. a"Contains six papers presented at a Social Science Research Council conference on 'competition policy in the EEC,' held at Somerville College, Oxford, from 23-25 September 1974." aIncludes bibliographical references and index. 7aTrade regulationzEuropean Economic Community countriesxCongresses.2BUEsh 7aTrade regulationzGreat BritainxCongresses.2BUEsh 7aEuropean Economic Community countriesxCommercial policyxCongresses.2BUEsh 7aGreat BritainxCommercial policyxCongresses.2BUEsh bGGENbBUSECObBUSADMcMarch20181 aGeorge, Kenneth Desmond,eeditor.1 aJoll, Caroline,eeditor.2 aSocial Science Research Council (U.S.) 2ddc c26329d26301 00102ddc4070aMAINbMAINc1STd2018-03-18l0o382.094 COMp000047430r2025-07-15 00:00:00yBB